A new Babel, a new Pentecost : (Record no. 7345)

MARC details
000 -LEADER
fixed length control field 01161cam a2200325 a 4500
001 - CONTROL NUMBER
control field 212524
003 - CONTROL NUMBER IDENTIFIER
control field OSt
005 - DATE AND TIME OF LATEST TRANSACTION
control field 20210929095241.0
008 - FIXED-LENGTH DATA ELEMENTS--GENERAL INFORMATION
fixed length control field 980414s1997 maua b 000 0 eng d
010 ## - LIBRARY OF CONGRESS CONTROL NUMBER
LC control number 99165385
020 ## - INTERNATIONAL STANDARD BOOK NUMBER
International Standard Book Number 0135592119
035 ## - SYSTEM CONTROL NUMBER
System control number (DLC) 99165385
035 ## - SYSTEM CONTROL NUMBER
System control number (OCoLC)38950265
040 ## - CATALOGING SOURCE
Original cataloging agency OWorP
Transcribing agency hu
Modifying agency InIT
-- DLC
042 ## - AUTHENTICATION CODE
Authentication code lccopycat
050 00 - LIBRARY OF CONGRESS CALL NUMBER
Classification number BV4319
Item number .H467 1997
082 00 - DEWEY DECIMAL CLASSIFICATION NUMBER
Classification number 261.5/2
Edition number 21
100 1# - MAIN ENTRY--PERSONAL NAME
Personal name Hereford, Marie Judith.
9 (RLIN) 7858
245 12 - TITLE STATEMENT
Title A new Babel, a new Pentecost :
Remainder of title communicating the Gospel in a mass mediated culture /
Statement of responsibility, etc. Marie Judith Hereford and Corrine Thomas.
260 ## - PUBLICATION, DISTRIBUTION, ETC.
Place of publication, distribution, etc. Boston, MA :
Name of publisher, distributor, etc. Pauline Books & Media,
Date of publication, distribution, etc. c1997.
300 ## - PHYSICAL DESCRIPTION
Extent 289 p. :
Other physical details ill. ;
Dimensions 28 cm.
504 ## - BIBLIOGRAPHY, ETC. NOTE
Bibliography, etc. note Includes bibliographical references.
650 #0 - SUBJECT ADDED ENTRY--TOPICAL TERM
Topical term or geographic name entry element Communication
General subdivision Religious aspects
-- Christianity.
9 (RLIN) 7859
650 #0 - SUBJECT ADDED ENTRY--TOPICAL TERM
Topical term or geographic name entry element Mass media
General subdivision Religious aspects
-- Christianity.
9 (RLIN) 7860
650 #0 - SUBJECT ADDED ENTRY--TOPICAL TERM
Topical term or geographic name entry element Christianity and culture.
9 (RLIN) 7861
700 1# - ADDED ENTRY--PERSONAL NAME
Personal name Thomas, Corrine.
9 (RLIN) 7862
906 ## - LOCAL DATA ELEMENT F, LDF (RLIN)
a 7
b cbc
c copycat
d 3
e ncip
f 19
g y-gencatlg
942 ## - ADDED ENTRY ELEMENTS (KOHA)
Source of classification or shelving scheme Dewey Decimal Classification
Koha item type Books like text book referance book
Suppress in OPAC No
Holdings
Withdrawn status Lost status Source of classification or shelving scheme Damaged status Not for loan Home library Current library Shelving location Date acquired Total Checkouts Full call number Barcode Date last seen Copy number Price effective from Koha item type
    Dewey Decimal Classification     Social Library Social Library General Stacks 09/29/2021   301.21/rea SHLIB0000rea 09/29/2021 1 09/29/2021 Books like text book referance book